Mario Kart Characters - Statistics

General Stats
  • This quiz has been taken 106 times
  • The average score is 65 of 83
Answer Stats
Character SNES 64/
GBA
GC DS Wii MK7 MK8/
MK8+
% Correct
Baby Luigi X X X
98%
Baby Mario X X X
98%
Baby Peach X X
98%
Cat Peach X
98%
Gold Mario X
98%
Luigi X X X X X X X
98%
Mario X X X X X X X
98%
Metal Mario X X
98%
Peach X X X X X X X
98%
Pink Gold Peach X
98%
Tanooki Mario X
98%
Bowser X X X X X X X
97%
Dry Bowser X X
97%
Donkey Kong X X X X X X
95%
Wario X X X X X X
95%
Diddy Kong X X X
92%
Toad X X X X X X X
92%
Waluigi X X X X
92%
Black Yoshi X
90%
Blue Yoshi X
90%
Light-blue Yoshi X
90%
Orange Yoshi X
90%
Pink Yoshi X
90%
Red Yoshi X
90%
White Yoshi X
90%
Yellow Yoshi X
90%
Yoshi X X X X X X X
90%
Baby Daisy X X
88%
Daisy X X X X X
88%
Koopa Troopa X X X X X
88%
Bowser Jr. X X X
85%
King Boo X X X
85%
Black Shy Guy X
78%
Blue Shy Guy X
78%
Green Shy Guy X
78%
Light-blue Shy Guy X
78%
Orange Shy Guy X
78%
Pink Shy Guy X
78%
Shy Guy X X X
78%
White Shy Guy X
78%
Yellow Shy Guy X
78%
Toadette X X X
76%
Baby Rosalina X
75%
Link X
75%
Link (Champion's Tunic) X
75%
Rosalina X X X
75%
Birdo X X X
73%
Birdo (Black) X
73%
Birdo (Blue) X
73%
Birdo (Green) X
73%
Birdo (Light-blue) X
73%
Birdo (Orange) X
73%
Birdo (Red) X
73%
Birdo (White) X
73%
Birdo (Yellow) X
73%
Wendy X
73%
Dry Bones X X X
71%
Funky Kong X X
71%
Morton X
71%
Lemmy X
68%
Petey Piranha X X
68%
Roy X
68%
Inkling Boy X
66%
Inkling Boy (Cyan) X
66%
Inkling Boy (Purple) X
66%
Inkling Girl X
66%
Inkling Girl (Lime green) X
66%
Inkling Girl (Magenta) X
66%
Larry X
66%
Ludwig X
66%
Donkey Kong Jr. X
64%
Iggy X
64%
R.O.B. X
64%
Villager Boy X
64%
Villager Girl X
64%
Pauline X
63%
Wiggler X X
63%
Lakitu X X
61%
Kamek X
58%
Honey Queen X
53%
Isabelle X
53%
Paratroopa X
51%
Peachette X
47%
No matching quizzes found
Score Distribution
Percent of People with Each Score
Percentile by Number Answered
Your Score History
You have not taken this quiz